000 00276nam a2200121Ia 4500
008 191201s2016 xx 000 0 und d
100 _aRADHA MOHAN
245 0 _aUsing SPSS in Research
260 _bNeelkamal pub
_c2016
300 _a324
650 _aMBA
942 _2ddc
_cBK
_01
999 _c7074
_d7074